000 00360nam a2200169Ia 4500
003 0100
008 130307s9999 xx 000 0 und d
040 _cARRUPELIB
050 _aPN83.K4
100 _aKerfoot, John Barrett
245 _aHow to read
260 _aBoston MA
260 _bHoughton Mifflin
260 _c1916
300 _a296p
942 0 0 _01
999 _c89234
_d89234